000 00437nam a2200181Ia 4500
001 22407
005 20260414150829.0
008 260414t2007||||xx |||||||||||||| ||spa||
041 _aESP
082 _a621.381
_bG79
100 _aGrediaga Olivo, Ángel
_eAUT
245 0 _aDiseño de procesadores con VHDL
_b
260 _c2007
300 _a299 páginas :
_c24 cm.
650 _aTCA
654 _aCET
942 _cLIB
_dJUS
_fJUS
_2ddc
_n
999 _c22407
_d22407